000 01196nam a22002537a 4500
003 PE SENCICO BE
005 20251020182640.0
008 230712b |||||||| |||| 00| 0 eng d
040 _aPE SENCICO BE
_cPE SENCICO BE
041 _aspa
084 _aI
_aTOP
_a2015
_bF65
100 1 _91239
_aFlores Quispe, Darwin Antony
_eautor
245 1 _aLevantamientos y controles topográficos para el planeamiento, diseño y construcción de líneas de transmisión de energía eléctrica, con equipos GPS y estaciones totales /
_cDarwin Antony Flores Quispe
260 _aLima :
_c2015
300 _a70 h. :
_bil. col., diagrs., tabls. ;
_c29 cm.
502 _aMonografía de Titulación.-- Servicio Nacional de Capacitación para la Industria de la Construcción. Escuela Superior Técnica. Carrera Profesional Técnica en Topografía y Geodesía, 2015.
650 1 4 _94
_aTopografía
650 2 4 _9116
_aLevantamiento topográfico
650 2 4 _91105
_aDistribución de energía eléctrica
650 2 4 _91235
_aMétodos topográficos
710 1 _aServicio Nacional de Capacitación para la Industria de la Construcción.
_bEscuela Superior Técnica
_91065
910 _bhfp
_chfp
942 _cMON
999 _c4247
_d4247